近15年平均世界排名最高的30支女篮国家队 - Statistics

General Stats
  • This quiz has been taken 9 times
  • The average score is 25 of 30
Answer Stats
大洲 女篮国家队 平均排名 % Correct
1 北美洲 美国 1.00
100%
2 大洋洲 澳大利亚 2.60
100%
3 欧洲 西班牙 3.73
100%
4 欧洲 法国 4.53
100%
5 北美洲 加拿大 6.67
100%
6 亚洲 中国 6.80
100%
7 欧洲 俄罗斯 8.09
100%
8 南美洲 巴西 9.80
100%
11 亚洲 日本 12.13
100%
12 欧洲 捷克 12.13
100%
13 欧洲 塞尔维亚 14.00
100%
14 亚洲 韩国 14.00
100%
17 南美洲 阿根廷 20.73
100%
21 欧洲 英国 23.53
100%
24 欧洲 克罗地亚 26.20
100%
28 欧洲 斯洛伐克 28.67
100%
29 欧洲 立陶宛 28.73
100%
10 亚洲 土耳其 11.20
88%
15 欧洲 希腊 19.00
88%
18 欧洲 意大利 22.80
88%
23 北美洲 古巴 23.87
88%
27 欧洲 比利时 27.80
88%
30 大洋洲 新西兰 28.80
88%
9 欧洲 白俄罗斯 10.82
75%
19 欧洲 拉脱维亚 22.87
75%
22 非洲 尼日利亚 23.60
50%
20 非洲 塞内加尔 23.47
38%
16 北美洲 波多黎各 20.33
25%
26 欧洲 黑山 27.00
25%
25 非洲 马里 26.73
13%
No matching quizzes found
Score Distribution
Percent of People with Each Score
Percentile by Number Answered
Your Score History
You have not taken this quiz